Big 4 (NBA, NFL, NHL, MLB) Teams by City - Statistics

General Stats
  • This quiz has been taken 5,392 times
  • The average score is 80 of 123
Answer Stats
City Sport Team % Correct
Boston NBA Celtics
93%
Atlanta NFL Falcons
92%
Atlanta NBA Hawks
92%
Baltimore NFL Ravens
92%
Brooklyn NBA Nets
89%
Buffalo NFL Bills
88%
Boston NFL Patriots
85%
Boston MLB Red Sox
85%
Chicago NBA Bulls
83%
Charlotte NBA Hornets
83%
Chicago NFL Bears
81%
Atlanta MLB Braves
81%
Green Bay NFL Packers
81%
Dallas NFL Cowboys
80%
Cincinnati NFL Bengals
79%
Detroit NFL Lions
79%
Baltimore MLB Orioles
79%
Detroit NBA Pistons
79%
Cleveland NBA Cavaliers
78%
Kansas City NFL Chiefs
78%
Cleveland NFL Browns
77%
Boston NHL Bruins
77%
Dallas NBA Mavericks
77%
Denver NBA Nuggets
77%
Denver NFL Broncos
76%
Miami NBA Heat
76%
Jacksonville NFL Jaguars
76%
Los Angeles/Anaheim NBA Lakers
76%
Indianapolis NFL Colts
75%
Chicago MLB Cubs
75%
Miami NFL Dolphins
75%
Charlotte NFL Panthers
75%
Houston NBA Rockets
75%
Houston NFL Texans
75%
Milwaukee NBA Bucks
74%
Chicago MLB White Sox
74%
Los Angeles/Anaheim NFL Rams
73%
New York NFL Giants
72%
New York NFL Jets
72%
Los Angeles/Anaheim NFL Chargers
71%
Los Angeles/Anaheim NBA Clippers
71%
Memphis NBA Grizzlies
71%
New York NBA Knicks
71%
Orlando NBA Magic
70%
New Orleans NFL Saints
70%
Oklahoma City NBA Thunder
70%
Minneapolis NFL Vikings
70%
Indianapolis NBA Pacers
69%
New York MLB Yankees
69%
Philadelphia NBA 76ers
68%
Philadelphia NFL Eagles
68%
Sacramento NBA Kings
68%
Cincinnati MLB Reds
68%
Pittsburgh NFL Steelers
68%
New Orleans NBA Pelicans
67%
Phoenix NBA Suns
67%
Nashville NFL Titans
67%
Houston MLB Astros
66%
Los Angeles/Anaheim MLB Dodgers
66%
San Antonio NBA Spurs
66%
Portland NBA Trail Blazers
66%
Dallas NHL Stars
65%
Detroit MLB Tigers
65%
Minneapolis NBA Timberwolves
65%
Edmonton NHL Oilers
64%
Kansas City MLB Royals
64%
Seattle NFL Seahawks
64%
Chicago NHL Blackhawks
63%
Phoenix NFL Cardinals
63%
Calgary NHL Flames
63%
New York MLB Mets
63%
San Fransisco/Oakland NFL 49ers
62%
Los Angeles/Anaheim MLB Angels
62%
Milwaukee MLB Brewers
62%
Tampa Bay NFL Buccaneers
62%
Las Vegas NHL Golden Knights
62%
Salt Lake City NBA Jazz
62%
Toronto NBA Raptors
61%
Denver MLB Rockies
61%
Cleveland MLB Indians
60%
Miami MLB Marlins
60%
Buffalo NHL Sabres
60%
San Diego MLB Padres
58%
Philadelphia MLB Phillies
58%
Pittsburgh MLB Pirates
58%
Dallas MLB Rangers
58%
Detroit NHL Red Wings
58%
Minneapolis MLB Twins
58%
San Fransisco/Oakland NBA Warriors
58%
Pittsburgh NHL Penguins
56%
San Fransisco/Oakland NFL Raiders
56%
Brooklyn NHL Islanders
55%
New York NHL Rangers
54%
Columbus NHL Blue Jackets
53%
Los Angeles/Anaheim NHL Kings
53%
Washington D.C. NBA Wizards
53%
Denver NHL Avalanche
52%
Toronto MLB Blue Jays
52%
Seattle MLB Mariners
52%
San Fransisco/Oakland MLB Athletics
51%
St. Louis MLB Cardinals
51%
Phoenix MLB Diamondbacks
51%
Los Angeles/Anaheim NHL Ducks
51%
Nashville NHL Predators
51%
Washington D.C. NFL Redskins
51%
Montreal NHL Canadiens
50%
Philadelphia NHL Flyers
50%
Charlotte NHL Hurricanes
50%
Tampa Bay MLB Rays
50%
San Jose NHL Sharks
50%
San Fransisco/Oakland MLB Giants
48%
Ottawa NHL Senators
48%
Minneapolis NHL Wild
47%
Miami NHL Panthers
45%
Tampa Bay NHL Lightning
44%
Toronto NHL Maple Leafs
44%
St. Louis NHL Blues
43%
Winnipeg NHL Jets
42%
Washington D.C. MLB Nationals
41%
Vancouver NHL Canucks
40%
Phoenix NHL Coyotes
40%
Newark NHL Devils
40%
Washington D.C. NHL Capitals
38%
No matching quizzes found
Score Distribution
Percent of People with Each Score
Percentile by Number Answered
Your Score History
You have not taken this quiz